El seminario de Sevilla (Registro nro. 140577)

Detalles MARC
000 -LEADER
campo de control de longitud fija 00518nam a2200145 4500
001 - NÚMERO DE CONTROL
campo de control 140577
003 - IDENTIFICADOR DE NÚMERO DE CONTROL
campo de control ES-MaACL
005 - FECHA Y HORA DE LA ÚLTIMA TRANSACCIÓN
campo de control 20230906200115.0
007 - CAMPO FIJO DE DESCRIPCIÓN FÍSICA--INFORMACIÓN GENERAL
campo de control de longitud fija t|
008 - DATOS DE LONGITUD FIJA--INFORMACIÓN GENERAL
campo de control de longitud fija 070214s1921 sp r ||||1| spa d
100 1# - ENTRADA PRINCIPAL--NOMBRE DE PERSONA
Nombre de persona Sebastián y Bandarán, José.
9 (RLIN) 105020
245 13 - MENCIÓN DEL TÍTULO
Título El seminario de Sevilla
Resto del título : discurso leído en la inauguración del curso académico de 1921 a 1922 /
Mención de responsabilidad, etc. José Sebastián y Bandarán.
260 ## - PUBLICACIÓN, DISTRIBUCIÓN, ETC.
Lugar de publicación, distribución, etc. Sevilla :
Nombre del editor, distribuidor, etc. [s.n.],
Fecha de publicación, distribución, etc. 1921 (
Fabricante Imp. y Lib. de Sobrino de Izquierdo)
852 ## - LOCALIZACIÓN
Ubicación ES-MaACL
Número de control de estantería 1615-F-13
Existencias
Estatus retirado Estado de pérdida Estado de daño No para préstamo Colección Biblioteca de origen Biblioteca actual Ubicación en estantería Fecha de adquisición Fuente de adquisición Total de préstamos Signatura topográfica completa Código de barras Visto por última vez Precio de reemplazo Tipo de ítem Koha
        Colección de folletos Biblioteca del Ateneo de Madrid Biblioteca del Ateneo de Madrid Depósito folletos 17/01/2008     1615-F-13 1146286 23/02/2023 23/02/2023 Folleto